Movies Quiz

Random Movies or Clickable Quiz

Comedy Movies by Tagline Quiz Stats

 Plays Quiz Updated Jan 19, 2018

Score 0/24 Timer 06:00
2 Plays Today
% Correct
Airplane!
95.7%
Groundhog Day
92.4%
The Hangover
91.6%
Anchorman
90.1%
Dodgeball
88.2%
Christmas Vacation
85.4%
The Princess Bride
82.7%
Four Weddings and a Funeral
82.3%
A Fish Called Wanda
77.3%
Dumb and Dumber
77.3%
American Pie
75.7%
Animal House
75.1%
% Correct
The Cable Guy
72.3%
Ferris Bueller's Day Off
70.5%
Trading Places
59%
Bruce Almighty
54.7%
Johnny English
53.5%
Wayne's World
45.8%
Galaxy Quest
42.9%
Me, Myself, and Irene
40.7%
Napoleon Dynamite
37.6%
The Jerk
35.8%
Tommy Boy
32.3%
Caddyshack
31.9%

You're not logged in!

Compare scores with friends on all Sporcle quizzes.
OR
Log In

You Might Also Like...

Show Comments

Extras

Top Quizzes Today


Score Distribution

Your Account Isn't Verified!

In order to create a playlist on Sporcle, you need to verify the email address you used during registration. Go to your Sporcle Settings to finish the process.

Report this User

Report this user for behavior that violates our Community Guidelines.

Details: